Up-regulation of tapping panel dryness specific transcripts u;nder drought stress in Hevea brasiliensis (Record no. 49626)

MARC details
000 -LEADER
fixed length control field 00665nam a2200169Ia 4500
100 ## - MAIN ENTRY--AUTHOR NAME
Personal name Sathik M.B.M.
245 #0 - TITLE STATEMENT
Title Up-regulation of tapping panel dryness specific transcripts u;nder drought stress in Hevea brasiliensis
260 ## - PUBLICATION, DISTRIBUTION, ETC. (IMPRINT)
Name of publisher National Conference on Frontiers in Plant Physiology Towards Sustainable Agriculture, 5-7 November 2009, Indian Society for Plant Physiology and Assam Agricultural University, Jorhat, Assam, pp. 246
Year of publication 2009
700 ## - ADDED ENTRY--PERSONAL NAME
Personal name Geetha N
700 ## - ADDED ENTRY--PERSONAL NAME
Personal name Jacob J
700 ## - ADDED ENTRY--PERSONAL NAME
Personal name Joseph
700 ## - ADDED ENTRY--PERSONAL NAME
Personal name Kuruvilla L
700 ## - ADDED ENTRY--PERSONAL NAME
Personal name Luke L.P.
700 ## - ADDED ENTRY--PERSONAL NAME
Personal name Thomas M
942 ## - ADDED ENTRY ELEMENTS (KOHA)
Koha item type Bibliography STAF
700 ## - ADDED ENTRY--PERSONAL NAME
-- Somy Elizabeth
Holdings
Withdrawn status Lost status Damaged status Not for loan Home library Current library Shelving location Date acquired Koha item type
      Bibliography RRII Library RRII Library Crop physiology 26/11/2009 Bibliography STAF